000
00341nam a2200145Ia 4500
003
OSt
005
20240312105417.0
008
170524s9999 xx 000 0 und d
020
_a
9780074517802
040
_c
iimtu
100
_a
MOHAN-MANENDRA
245
0
_a
ADVERTISING MANAGEMENT
260
_b
TATA MCGRAW HILL NEW DELHI
942
_2
ddc
_c
02
999
_c
8175
_d
8175